Normal view
MARC view
- Auditing
Entry Topical Term
001 - CONTROL NUMBER
- control field: 41753
003 - CONTROL NUMBER IDENTIFIER
- control field: OSt
005 - DATE AND TIME OF LATEST TRANSACTION
- control field: 20200303145240.0
008 - FIXED-LENGTH DATA ELEMENTS
- fixed length control field: 200303|| aca||aabn | a|a d
040 ## - CATALOGING SOURCE
- Original cataloging agency: OSt
- Transcribing agency: OSt
150 ## - HEADING--TOPICAL TERM
- Topical term or geographic name entry element: Auditing
- General subdivision: Practices
670 ## - SOURCE DATA FOUND
- Source citation: Work cat.: (OSt)14523: 40137 Sikka, Prem., The corrosive effects of neoliberalism on the UK financial crises and auditing practices: , ©Mar 2012-Sept 2015.
